|
|
|
|
| LEADER |
00000nam0a2200000 4500 |
| 001 |
50909 |
| 005 |
20231101211257.0 |
| 035 |
|
|
|a (RuTPU)RU\TPU\book\53297
|
| 090 |
|
|
|a 50909
|
| 100 |
|
|
|a 20030422d1960 m y0rusy50 ca
|
| 101 |
0 |
|
|a rus
|
| 102 |
|
|
|a RU
|
| 105 |
|
|
|a a j 001zy
|
| 200 |
1 |
|
|a Котельные установки промышленных предприятий
|e учебник
|f Н. А. Семененко, Л. Н. Сидельковский, В. Н. Юренев
|g Под ред. Л. Н. Семененко
|
| 210 |
|
|
|a Москва
|a Ленинград
|c Госэнергоиздат
|d 1960
|
| 215 |
|
|
|a 392 с.
|c ил.
|
| 316 |
|
|
|5 63413507: М-133434
|a На титульном листе дарственная надпись: "Иннокентию Николаевичу Бутакову - в знак глубокого уважения. От авторов. Н. Семененко. Л. Сидельковский. В. Юренев"
|
| 317 |
|
|
|5 63413507: М-133434
|a Поступила в НТБ в 1970 г. в составе книжного собрания профессора ТПИ И. Н. Бутакова
|
| 320 |
|
|
|a Библиогр.: с. 392
|
| 606 |
1 |
|
|a Паровые котлы
|x Поверхности нагрева
|2 stltpush
|3 (RuTPU)RU\TPU\subj\77041
|9 87699
|
| 610 |
1 |
|
|a промышленные предприятия
|
| 610 |
1 |
|
|a котельные установки
|
| 610 |
1 |
|
|a учебники
|
| 610 |
1 |
|
|a котельные агрегаты
|
| 610 |
1 |
|
|a баланс
|
| 610 |
1 |
|
|a горение
|
| 610 |
1 |
|
|a топочные процессы
|
| 610 |
1 |
|
|a топочные устройства
|
| 610 |
1 |
|
|a пароводяные смеси
|
| 610 |
1 |
|
|a теплоиспользующие устройства
|
| 610 |
1 |
|
|a материалы
|
| 610 |
1 |
|
|a вспомогательное оборудование
|
| 610 |
1 |
|
|a эксплуатация
|
| 610 |
1 |
|
|a дарственная надпись
|
| 610 |
1 |
|
|a дары автора
|
| 610 |
1 |
|
|a библиотека И. Н. Бутакова
|
| 675 |
|
|
|a 621.18(075.8)
|v 3
|
| 700 |
|
1 |
|a Семененко
|b Н. А.
|g Николай Александрович
|
| 701 |
|
1 |
|a Сидельковский
|b Л. Н.
|g Лазарь Наумович
|
| 701 |
|
1 |
|a Юренев
|b В. Н.
|g Владимир Николаевич
|
| 702 |
|
1 |
|a Семененко
|b Л. Н.
|g Николай Александрович
|4 340
|
| 801 |
|
1 |
|a RU
|b 63413507
|c 20030422
|g PSBO
|
| 801 |
|
2 |
|a RU
|b 63413507
|c 20200129
|g PSBO
|
| 942 |
|
|
|c BK
|